[Event "Hamilton The Joe Lattyak"]
[Site "Hamilton"]
[Date "2016.10.16"]
[Round "1"]
[White "Mufandaedza, Moses"]
[Black "West, Rudy"]
[Result "1-0"]
[WhiteElo "1981"]
[BlackElo "1433"]
[PlyCount "77"]
[EventDate "2016.10.11"]
[EventType "swiss"]
[EventRounds "6"]
[EventCountry "BER"]
[SourceTitle "EXT 2024"]
[Source "ChessBase"]
[SourceDate "2023.10.10"]
[SourceVersion "1"]
[SourceVersionDate "2023.10.10"]
[SourceQuality "1"]

1. e4 e5 2. Nf3 Nc6 3. Bb5 d6 4. h3 Nf6 5. Qe2 a6 6. Ba4 b5 7. Bb3 Be7 8. 0-0 0-0 9. c3 Bb7 10. Rd1 Na5 11. Bc2 c5 12. d4 cxd4 13. cxd4 exd4 14. Nxd4 Qc7 15. Bf4 Nc4 16. Bd3 Ne5 17. Bc2 Rfe8 18. Nf5 Bd8 19. Nxd6 Re6 20. Nxb7 Qxb7 21. Bb3 Re8 22. Nc3 Ng6 23. Bg5 b4 24. Bxf6 Bxf6 25. Nd5 Be5 26. Rac1 a5 27. Rc4 Rad8 28. Ba4 Re6 29. f4 Nxf4 30. Nxf4 Rxd1+ 31. Qxd1 Rd6 32. Nd5 g6 33. b3 Qa7+ 34. Kh1 Qf2 35. Rc1 g5 36. Qg4 Qd2 37. Rd1 Qc2 38. Qxg5+ Rg6 39. Ne7+ 1-0